000 00570nam a2200217Ia 4500
003 OSt
005 20220928135617.0
006 a|||||r|||| 00| 0
007 ta
008 220927b |||||||| |||| 00| 0 eng d
024 _a3724
037 _cTextual
040 _aSDCL
_cSDCL
_beng
041 _2eng
_aeng
082 _aX:5385aN8, M3
100 _aLodge Juliet Ed.
_9492004
245 0 _aEuropean community
_b Bibliographical excursions
260 _c1983
942 _hX:5385aN8, M3
_cTEXL
_2CC
999 _c807457
_d807457